Statystyki dla Parki w Warszawie

Kliknij tutaj aby rozwiązać quiz!

Ogólne statystyki

  • Ten quiz został rozwiązany 44 razy
  • Średni wynik to 6 z 41

Statystyki odpowiedzi

DzielnicaPowierzchnia (ha)Nazwa parku% Poprawnych
Mokotów, Ochota, Śródmieście73,00Pole Mokotowskie (Park im. Józefa Piłsudskiego)
73%
Śródmieście15,50Ogród Saski
53%
Ochota30,11Park Szczęśliwicki
47%
Śródmieście5,70Park Jazdów
43%
Wola19,94Park Moczydło
43%
Śródmieście11,8,0Ogród Krasińskich
30%
Targówek25,40Park Bródnowski
30%
Bielany102,23Park Młociński (Las Młociny)
27%
Żoliborz6,00Park im. Stefana Żeromskiego
20%
Bemowo20,47Park Górczewska
17%
Wola20,45Park im. Edwarda Szymańskiego
17%
Wola8,30Park im. gen. Józefa Sowińskiego
17%
Żoliborz6,06Park Kaskada
17%
Żoliborz, Bielanyok. 18Park Kępa Potocka
17%
Śródmieście3,00Park Świętokrzyski
13%
Mokotówok. 11Park Arkadia
10%
Mokotów22,80Park Dolinka Służewska
10%
Ochotaok. 9Park Zachodni
10%
Śródmieście4,00Park Kazimierzowski
7%
Śródmieścieok. 90Park Marszałka Edwarda Rydza-Śmigłego
7%
Praga-Południeok. 7Park Nad Balatonem
7%
Praga-Południe3,46Park Obwodu Praga Armii Krajowej
7%
Praga-Południeok. 1,80Park Znicza
7%
Żoliborz17,08Park Fosa i Stoki Cytadeli
3%
Praga-Południe5,52Park im. Józefa Polińskiego
3%
Praga-Południe5,24Park im. płk. Jana Szypowskiego „Leśnika”
3%
Ursynów11,60Park im. Romana Kozłowskiego
3%
Śródmieście10,40Park im. Romualda Traugutta
3%
Ochota5,96Park im. Zasława Malickiego
3%
ŻoliborzPark im. Żołnierzy Żywiciela
3%
Ursynów0,83Park Moczydełko
3%
Śródmieście4,00Ogród Pomologiczny
0%
Ursynówok. 16Park im. Cichociemnych Spadochroniarzy AK
0%
Ursynów4,30Park im. Jana Pawła II
0%
MokotówPark im. Stanisława Dygata
0%
Targówek5,90Park im. Stefana Wiecheckiego „Wiecha”
0%
Włochy, Nowe Włochy4,46Park Kombatantów (Park Koelichenów)
0%
Ursynówok. 35Park Kultury
0%
Śródmieście5,35Park Mirowski (Park Śródmiejski)
0%
Mokotów3,16Park Sielecki
0%
Bielanyok. 2,5Park Stawy Kellera
0%

Rozkład punktacji

Percentyl według liczby udzielonych odpowiedzi

Procent ludzi z każdym wynikiem

Twoja historia wyników

Nie rozwiązałeś tego quizu